Statistiques concernant Tous les personnages skylanders giants

Cliquez ici pour prendre le quiz!

Statistiques générales

  • Ce quiz a été pris 16 fois
  • Le résultat moyen est 26 sur 40

Statistiques - réponses

CatégorieRéponse% Correct
MagieSpyro
93%
MagieNinjini
86%
TechTrigger Happy
86%
NatureStealth Elf
79%
NatureTree Rex
79%
MortChop Chop
71%
MortCynder
71%
TechDrobot
71%
FeuEruptor
71%
EauGill Grunt
71%
AirJet-Vac
71%
MagiePop-Fizz
71%
TerreTerrafin
71%
TechBouncer
64%
TerreCrusher
64%
MortEye-Brawl
64%
MortHex
64%
FeuHot Dog
64%
FeuHot Head
64%
FeuIgnitor
64%
EauSlam Bam
64%
AirSonic Boom
64%
AirSwarm
64%
TerreBash
57%
MagieDouble Trouble
57%
TechDrill Sergeant
57%
FeuFlameslinger
57%
TerreFlashwing
57%
AirLightning Rod
57%
TerrePrism Break
57%
NatureShroomboom
57%
EauThumpback
57%
MagieWrecking-Ball
57%
EauZap
57%
NatureZook
57%
EauChill
50%
MortFright Rider
50%
TechSprocket
50%
NatureStump Smash
50%
AirWhirlwind
50%

Distribution des résultats

Percentile par nombre de réponses

% des personnes avec chaque résultat

Votre développement - résultats

Vous n’avez pas pris ce quiz